Конъюнктура торговли потребительской кооперации (Запись № 2360510)
[ простой вид ]
| 000 -МАРКЕР | |
|---|---|
| контрольное поле | 03316nas1a22005051i 4500 |
| 001 - ИДЕНТИФИКАТОР ЗАПИСИ | |
| контрольное поле | RU\NLR\INFOCOMM17\1000405831 |
| 005 - ИДЕНТИФИКАТОР ВЕРСИИ | |
| контрольное поле | 20260406181425.0 |
| 035 ## - ДРУГИЕ СИСТЕМНЫЕ НОМЕРА | |
| Идентификатор записи | (NLR Aleph) 002473638 |
| 100 ## - ДАННЫЕ ОБЩЕЙ ОБРАБОТКИ | |
| Данные общей обработки | 20040408c1972 |||y0rusy50 ca |
| 101 0# - ЯЗЫК РЕСУРСА | |
| Язык текста, звукозаписи и т.д. | русский |
| 102 ## - СТРАНА ПУБЛИКАЦИИ ИЛИ ПРОИЗВОДСТВА | |
| Страна публикации | Российская Федерация |
| 110 ## - ПОЛЕ КОДИРОВАННЫХ ДАННЫХ: ПРОДОЛЖАЮЩИЕСЯ РЕСУРСЫ | |
| Кодированные данные продолжающегося ресурса | ayu||||0|y0 |
| 200 1# - ЗАГЛАВИЕ И СВЕДЕНИЯ ОБ ОТВЕТСТВЕННОСТИ | |
| Основное заглавие | Конъюнктура торговли потребительской кооперации |
| Первые сведения об ответственности | Центросоюз. Центр. науч.-исслед. лаб. по изучению спроса. ЦНИЛС. |
| 210 ## - ПУБЛИКАЦИЯ, РАСПРОСТРАНЕНИЕ И ДР. | |
| Место издания, распространения и т.д. | М. |
| Дата издания, распространения и т.д. | 1972- |
| 421 #1 - ПРИЛОЖЕНИЕ | |
| Встроенное поле | 2001#$aКонъюнктурные обозрения |
| -- | 210##$d1976 |
| -- | 311##$aк Полугодию 1 |
| Заглавие | Конъюнктурные обозрения |
| 421 #1 - ПРИЛОЖЕНИЕ | |
| Встроенное поле | 2001#$aКонъюнктурные обозрения |
| -- | 210##$d1976 |
| -- | 311##$aК янв./сент. |
| Заглавие | Конъюнктурные обозрения |
| 421 #0 - ПРИЛОЖЕНИЕ | |
| Встроенное поле | 2001#$aКонъюнктурные обозрения |
| -- | 210##$d1975 |
| -- | 215##$a[1], 20 с. |
| Заглавие | Конъюнктурные обозрения |
| 430 #1 - ПРОДОЛЖЕН | |
| Встроенное поле | 2001#$aОбзор конъюнктуры торговли потребительской кооперации |
| Заглавие | Обзор конъюнктуры торговли потребительской кооперации |
| 712 02 - НАИМЕНОВАНИЕ ОРГАНИЗАЦИИ - ВТОРИЧНАЯ ОТВЕТСТВЕННОСТЬ | |
| Код отношения | Прочие |
| Начальный элемент ввода | Центральная научно-исследовательская лаборатория по изучению спроса |
| Идентифицирующий признак | Москва |
| Идентификатор авторитетной/нормативной записи | RU\NLR\AUTH\889946229 |
| Системный номер авторитетной/нормативной записи | 388028 |
| 801 #1 - ИСТОЧНИК ЗАПИСИ | |
| Страна | Российская Федерация |
| Организация | InfoComm |
| Дата составления | 20040408 |
| 801 #0 - ИСТОЧНИК ЗАПИСИ | |
| Страна | Российская Федерация |
| Организация | NLR |
| Правила каталогизации | PSBO |
| 852 ## - МЕСТОНАХОЖДЕНИЕ И ШИФР ХРАНЕНИЯ | |
| Идентификатор организации | NLR |
| Шифр хранения (Call Number) | П22/3713 |
| 942 ## - ДОПОЛНИТЕЛЬНЫЕ ЭЛЕМЕНТЫ ЗАПИСИ (АБИС) | |
| Тип экземпляра АБИС | Журнал |
| 980 ## - КОЛЛЕКЦИЯ | |
| Название коллекции | Русская периодика |
Нет доступных экземпляров.